[Event "18 Open international de La Reunion"]
[Site "Salle des fêtes de Bellepierre"]
[Date "2016.10.14"]
[Round "7.15"]
[White "Deschamps, Nathalie"]
[Black "Evrin, Selvam"]
[Result "0-1"]
[WhiteElo "1314"]
[BlackElo "1498"]
[PlyCount "148"]
[EventDate "2016.??.??"]

1. b3 d5 2. Bb2 c5 3. e3 Nc6 4. Bb5 Qc7 5. Nf3 Bg4 6. h3 Bxf3 7. Qxf3 e6 8. d3
Nge7 9. Nd2 a6 10. Bxc6+ Nxc6 11. c4 d4 12. exd4 Nxd4 13. Bxd4 cxd4 14. O-O Be7
15. Qg4 Bf6 16. Ne4 Qe7 17. Rfe1 O-O 18. c5 a5 19. a3 Rac8 20. b4 b6 21. cxb6
axb4 22. a4 Qd8 23. a5 Be7 24. b7 Rb8 25. a6 Qb6 26. Nd2 Rbd8 27. Nc4 Qa7 28.
Ne5 Rd6 29. Qf3 Rxa6 30. Rxa6 Qxa6 31. Qc6 Qa5 32. Rc1 Qxe5 33. Qd7 Bd6 34. g3
Bb8 35. Rc8 g6 36. Qe7 Qg7 37. Qxb4 f5 38. Qb6 Qe7 39. Qa6 Qd6 40. Qb5 e5 41.
Qc4+ Kg7 42. Rxf8 Kxf8 43. Qc8+ Kg7 44. Kf1 e4 45. dxe4 fxe4 46. h4 d3 47. Qc3+
Kh6 48. Qd2+ Kg7 49. Qc3+ Qe5 50. Qc8 Qc7 51. Ke1 e3 52. fxe3 Qxg3+ 53. Kd2 Qd6
54. Qc3+ Kf7 55. Qc4+ Kf6 56. Qxd3 Qxd3+ 57. Kxd3 h6 58. Kd4 g5 59. hxg5+ hxg5
60. Ke4 Bc7 61. Kf3 Kf5 62. e4+ Kf6 63. Kg4 Bb8 64. Kh5 Bc7 65. Kg4 Kg6 66. Kf3
Kh5 67. Kg2 Kg4 68. Kf2 Kf4 69. Kg2 Kxe4 70. Kh3 Kf4 71. b8=Q Bxb8 72. Kg2 Kg4
73. Kf2 Kh3 74. Kf1 Kh2 0-1

[Event "18 Open international de La Reunion"]
[Site "Salle des fêtes de Bellepierre"]
[Date "2016.10.14"]
[Round "7.16"]
[White "Eric Andriana, Fitia"]
[Black "Etheve, Lionel"]
[Result "0-1"]
[WhiteElo "1156"]
[BlackElo "1494"]
[PlyCount "96"]
[EventDate "2016.??.??"]

1. e4 e6 2. d4 d5 3. e5 c5 4. c3 Nc6 5. Nf3 cxd4 6. cxd4 Bb4+ 7. Bd2 Bxd2+ 8.
Nbxd2 Nge7 9. g3 Qb6 10. Nb3 Bd7 11. Bg2 Na5 12. O-O Nxb3 13. Qxb3 Qxb3 14.
axb3 a6 15. Rac1 Bc6 16. Nd2 Nf5 17. Nf3 O-O 18. b4 Rfc8 19. Bh3 Ne7 20. Nd2
Bb5 21. Rxc8+ Rxc8 22. f4 Rc2 23. Nf3 Rxb2 24. Rc1 Bc4 25. Bf1 Rxb4 26. h4 g6
27. g4 Bxf1 28. Kxf1 Nc6 29. Rd1 a5 30. Ke2 Rb2+ 31. Ke3 a4 32. Ra1 Rb3+ 33.
Ke2 a3 34. Nd2 Nxd4+ 35. Kd1 Rh3 36. f5 Rh1+ 37. Nf1 Rxf1+ 38. Kd2 Rxa1 39. Kc3
Nb5+ 40. Kb3 exf5 41. gxf5 gxf5 42. Kb4 a2 43. Kb3 Nc3 44. Kb2 Rb1+ 45. Kxc3
a1=Q+ 46. Kd3 Rb3+ 47. Kd2 Qa2+ 48. Kc1 Rb1# 0-1

[Event "18 Open international de La Reunion"]
[Site "Salle des fêtes de Bellepierre"]
[Date "2016.10.14"]
[Round "7.17"]
[White "Sandjivy, Jean Marc"]
[Black "Assie, Joel"]
[Result "0-1"]
[WhiteElo "1308"]
[BlackElo "1449"]
[PlyCount "100"]
[EventDate "2016.??.??"]

1. c4 Nf6 2. d4 e6 3. Nc3 Bb4 4. Bd2 c6 5. a3 Bxc3 6. Bxc3 d5 7. Nf3 O-O 8. e3
Ne4 9. Bb4 Re8 10. Ne5 a5 11. Bd2 Nxd2 12. Qxd2 Nd7 13. Nxd7 Bxd7 14. c5 Qc7
15. Bd3 e5 16. dxe5 Rxe5 17. O-O Rh5 18. g3 Re8 19. Rfe1 Rhe5 20. Re2 b6 21.
Rae1 bxc5 22. e4 d4 23. Bc4 Bg4 24. b4 Bxe2 25. Rxe2 Qa7 26. bxa5 Rb8 27. Re1
g6 28. a6 Kg7 29. Qa2 Qb6 30. Re2 Qb1+ 31. Qxb1 Rxb1+ 32. Kg2 f5 33. a7 Re8 34.
exf5 Ra8 35. Re7+ Kf6 36. Rf7+ Ke5 37. f3 Ra1 38. Be6 d3 39. Bd7 Rxa7 40. Re7+
Kd4 41. f6 d2 42. f7 d1=Q 43. Re4+ Kd3 44. g4 Ra2+ 45. Kg3 Qg1+ 46. Kf4 Qxh2+
47. Kg5 Qd6 48. Re6 Qf8 49. Kf6 Rxd7 50. Kg5 Rd5+ 0-1

[Event "18 Open international de La Reunion"]
[Site "Salle des fêtes de Bellepierre"]
[Date "2016.10.14"]
[Round "7.18"]
[White "Leonardy, Batiste"]
[Black "Laoussing, Mathis"]
[Result "1-0"]
[WhiteElo "1195"]
[BlackElo "1145"]
[PlyCount "49"]
[EventDate "2016.??.??"]

1. e4 e5 2. Nf3 Nc6 3. Bc4 Bc5 4. c3 d6 5. d4 exd4 6. cxd4 Bb4+ 7. Bd2 Bg4 8.
Qb3 Bxd2+ 9. Nbxd2 Qe7 10. Qxb7 Rd8 11. Qxc6+ Bd7 12. Qxc7 Nf6 13. Ng5 O-O 14.
O-O Ne8 15. Qa5 Qxg5 16. Qxg5 Rb8 17. b3 h6 18. Qg3 Bb5 19. Rfe1 Bd7 20. Nf3
Rb6 21. e5 Bc6 22. d5 Bd7 23. e6 fxe6 24. dxe6 Bc6 25. e7+ 1-0

[Event "18 Open international de La Reunion"]
[Site "Salle des fêtes de Bellepierre"]
[Date "2016.10.14"]
[Round "7.19"]
[White "Dazin, Nathan"]
[Black "Payet, Bruno"]
[Result "1/2-1/2"]
[WhiteElo "1229"]
[BlackElo "1111"]
[PlyCount "119"]
[EventDate "2016.??.??"]

1. e4 b6 2. Bc4 Bb7 3. d3 Nc6 4. Nf3 h6 5. Nc3 d6 6. Be3 e6 7. a3 Nf6 8. Bb3
Be7 9. d4 Ng4 10. Ba4 O-O 11. h3 Nxe3 12. fxe3 Na5 13. Qe2 c6 14. b4 b5 15. Bb3
Nxb3 16. cxb3 a6 17. O-O Bf6 18. Qf2 a5 19. bxa5 Qxa5 20. b4 Qc7 21. Rfc1 Qd7
22. a4 Be7 23. Qb2 f5 24. exf5 Rxf5 25. Qb3 Raf8 26. Rf1 Kh8 27. axb5 cxb5 28.
e4 Rf4 29. Ra7 Qc6 30. Raa1 Qd7 31. d5 R8f6 32. Qc2 e5 33. Ne2 Rxf3 34. Rxf3
Rg6 35. Ng3 Kh7 36. Nf5 Rf6 37. Raf1 Bd8 38. Qd2 Bb6+ 39. Kh1 Rg6 40. Nh4 Rg5
41. Nf5 Bd8 42. Ne3 Rg6 43. Nf5 Bg5 44. Qc3 Bc8 45. Qc2 Bf4 46. Qe2 Qd8 47. g3
Bxf5 48. exf5 Rxg3 49. Rxg3 Bxg3 50. Rg1 Bf4 51. Qg4 Qg8 52. Qg6+ Kh8 53. Qxd6
Qe8 54. Qe6 Qh5 55. f6 Qf3+ 56. Rg2 Qf1+ 57. Rg1 Qf3+ 58. Rg2 Qf1+ 59. Rg1 Qf3+
60. Rg2 1/2-1/2

[Event "18 Open international de La Reunion"]
[Site "Salle des fêtes de Bellepierre"]
[Date "2016.10.14"]
[Round "7.20"]
[White "Muller, Sebastien"]
[Black "Payet, Quentin"]
[Result "1-0"]
[WhiteElo "1519"]
[BlackElo "1040"]
[PlyCount "65"]
[EventDate "2016.??.??"]

1. d4 Nf6 2. c4 d5 3. Nc3 e6 4. Bf4 a6 5. f3 Bb4 6. a3 Bxc3+ 7. bxc3 O-O 8. Qc2
Re8 9. e4 Nc6 10. e5 Nh5 11. Bg3 Nxg3 12. hxg3 Na5 13. Qxh7+ Kf8 14. Qh8+ Ke7
15. Qxg7 Rg8 16. Qf6+ Ke8 17. g4 Qxf6 18. exf6 Rg6 19. cxd5 exd5 20. Nh3 Rxf6
21. g5 Rg6 22. f4 Re6+ 23. Be2 f5 24. Kf2 Bd7 25. g4 fxg4 26. Bxg4 Rb6 27.
Rae1+ Kd8 28. f5 Nc6 29. Nf4 Ne7 30. Rh8+ Be8 31. f6 c6 32. Rxe7 Rc8 33. Ne6#
1-0

[Event "18 Open international de La Reunion"]
[Site "Salle des fêtes de Bellepierre"]
[Date "2016.10.14"]
[Round "7.21"]
[White "Carballar, Eric"]
[Black "Carballar, Alexandre"]
[Result "1-0"]
[WhiteElo "1300"]
[BlackElo "1170"]
[PlyCount "73"]
[EventDate "2016.??.??"]

1. e4 e6 2. Nf3 d5 3. Nc3 c5 4. exd5 exd5 5. d4 Nc6 6. Bb5 Qd6 7. O-O Bd7 8.
Re1+ Be7 9. dxc5 Qxc5 10. Bxc6 Bxc6 11. Nd4 O-O-O 12. Be3 b6 13. Ne6 fxe6 14.
Bxc5 Bxc5 15. Rxe6 Bd7 16. Re5 d4 17. Ne4 Re8 18. Rxe8+ Bxe8 19. Qg4+ Bd7 20.
Qxg7 Bf5 21. Nf6 d3 22. cxd3 Bd4 23. Qxh8 Bxb2 24. Qxg8+ Kb7 25. Qg7+ Kc6 26.
Rb1 Bd4 27. Rc1+ Kb5 28. Qxa7 Bxd3 29. a4+ Kb4 30. Nd5+ Kb3 31. Qc7 Kb2 32.
Nxb6 Bxb6 33. Qc3+ Ka2 34. Qxd3 Bd4 35. Rc2+ Bb2 36. Qc3 Ka1 37. Qxb2# 1-0

[Event "18 Open international de La Reunion"]
[Site "Salle des fêtes de Bellepierre"]
[Date "2016.10.14"]
[Round "7.22"]
[White "Mohamed, Keziah"]
[Black "Siffert, Arman"]
[Result "1-0"]
[WhiteElo "1010"]
[BlackElo "1270"]
[PlyCount "61"]
[EventDate "2016.??.??"]

1. e4 e5 2. Nf3 Nc6 3. Nc3 Nf6 4. Bc4 Qe7 5. d3 d6 6. h3 Bd7 7. Bg5 O-O-O 8.
Nd5 Qe8 9. c3 h6 10. Nxf6 gxf6 11. Bxf6 Rg8 12. Bxd8 Qxd8 13. g3 Qf6 14. a4 Be8
15. b4 Qg6 16. a5 f5 17. exf5 Qxf5 18. Bxg8 Bh5 19. g4 Bxg4 20. hxg4 Qxg4 21.
Bb3 Qg2 22. Rg1 Qh3 23. Qe2 d5 24. O-O-O Bg7 25. Rxg7 b6 26. Bxd5 Kb7 27. b5
bxa5 28. Bxc6+ Kb6 29. d4 e4 30. c4 exf3 31. c5# 1-0

[Event "18 Open international de La Reunion"]
[Site "Salle des fêtes de Bellepierre"]
[Date "2016.10.14"]
[Round "7.23"]
[White "Sandjivy, Vivien"]
[Black "Hubert, Nathan"]
[Result "1-0"]
[WhiteElo "1214"]
[BlackElo "1080"]
[PlyCount "39"]
[EventDate "2016.??.??"]

1. Nf3 d5 2. d4 Nc6 3. Bf4 f6 4. Nc3 e6 5. g3 a6 6. Bg2 g5 7. Be3 Bd6 8. Qd2 h6
9. a3 Nge7 10. Qd3 Rg8 11. O-O-O Qd7 12. Bd2 b6 13. e4 g4 14. Nh4 f5 15. e5
Bxa3 16. bxa3 Ng6 17. Bxh6 Qe7 18. Na4 b5 19. Nc5 Rh8 20. Nxg6 1-0

[Event "18 Open international de La Reunion"]
[Site "Salle des fêtes de Bellepierre"]
[Date "2016.10.14"]
[Round "7.24"]
[White "Leccia, Thomas"]
[Black "Laoussing, Stephane"]
[Result "0-1"]
[WhiteElo "1211"]
[BlackElo "1000"]
[PlyCount "56"]
[EventDate "2016.??.??"]

1. e4 Nc6 2. Nf3 e5 3. Bc4 Nf6 4. Ng5 d5 5. exd5 Nxd5 6. Nxf7 Kxf7 7. Qf3+ Qf6
8. Bxd5+ Be6 9. Bxe6+ Kxe6 10. Qb3+ Kd7 11. Qxb7 Bc5 12. O-O Rhf8 13. Qb3 Bxf2+
14. Kh1 Nd4 15. Qd3 Qh6 16. Qh3+ Qxh3 17. gxh3 Nxc2 18. Nc3 Nxa1 19. Kg2 Bd4
20. Rxf8 Rxf8 21. Ne4 Nc2 22. b3 Ne1+ 23. Kg3 Rf3+ 24. Kg4 Rf4+ 25. Kg5 Rxe4
26. h4 Ke6 27. b4 Nf3+ 28. Kh5 Rxh4# 0-1

[Event "18 Open international de La Reunion"]
[Site "Salle des fêtes de Bellepierre"]
[Date "2016.10.14"]
[Round "7.25"]
[White "Turpin, Noah"]
[Black "Padre, Bryan"]
[Result "0-1"]
[WhiteElo "1000"]
[BlackElo "1110"]
[PlyCount "104"]
[EventDate "2016.??.??"]

1. e4 e5 2. Nf3 Nf6 3. Nc3 Nc6 4. Bc4 d6 5. Ng5 Qe7 6. Nxf7 Rg8 7. Nxd6+ Qxd6
8. Bxg8 Nxg8 9. Nb5 Qe6 10. Nxc7+ Ke7 11. Nxe6 Kxe6 12. Qg4+ Kd6 13. Qf3 Nf6
14. b3 Bg4 15. Ba3+ Kd7 16. Qd3+ Kc7 17. Bxf8 Rxf8 18. a4 Nd7 19. f3 Be6 20.
Ra3 b6 21. Qb5 Rb8 22. c3 Rb7 23. b4 a5 24. bxa5 bxa5 25. Qa6 Rb1+ 26. Kf2 Rxh1
27. Qa7+ Nxa7 28. Kg3 Rd1 29. d4 exd4 30. cxd4 Rxd4 31. Rc3+ Rc4 32. Re3 Nc5
33. h4 Rxa4 34. Kf4 Nc8 35. g4 Kd8 36. g5 g6 37. Rd3+ Nxd3+ 38. Ke3 Ra3 39. f4
Ne5+ 40. Kd4 Ng4 41. h5 gxh5 42. f5 Bxf5 43. exf5 h4 44. Ke4 Nd6+ 45. Kd5 h3
46. Kxd6 h2 47. Ke6 Nf2 48. g6 h1=Q 49. g7 Qg1 50. Kf7 h6 51. g8=Q+ Qxg8+ 52.
Kxg8 h5 0-1

[Event "18 Open international de La Reunion"]
[Site "Salle des fêtes de Bellepierre"]
[Date "2016.10.14"]
[Round "7.26"]
[White "Alex-Geerjanan, Nils"]
[Black "Riviere, Pierre"]
[Result "1-0"]
[WhiteElo "1070"]
[BlackElo "1000"]
[PlyCount "63"]
[EventDate "2016.??.??"]

1. e4 Nc6 2. Nf3 Nf6 3. Nc3 e5 4. Bc4 a6 5. d3 b5 6. Bd5 Nxd5 7. exd5 Nd4 8.
Nxe5 Bc5 9. Be3 f6 10. Nf3 b4 11. Na4 d6 12. Bxd4 Bxd4 13. Nxd4 Qd7 14. Qe2+
Kf7 15. O-O Qe7 16. Qxe7+ Kxe7 17. Rfe1+ Be6 18. Rxe6+ Kd7 19. Rae1 Rhe8 20.
Rxe8 Rxe8 21. Rxe8 Kxe8 22. Nf5 g6 23. Ng7+ Kd7 24. Nb6+ Ke7 25. c4 Kf7 26. Ne6
g5 27. Nxg5+ Kg6 28. Nf3 Kh5 29. Nc8 Kg4 30. Nxd6 Kf4 31. Nb7 a5 32. Nc5 1-0

[Event "18 Open international de La Reunion"]
[Site "Salle des fêtes de Bellepierre"]
[Date "2016.10.14"]
[Round "7.27"]
[White "Rebut, Paul"]
[Black "Sandjivy, Yann"]
[Result "1-0"]
[WhiteElo "1050"]
[BlackElo "1000"]
[PlyCount "51"]
[EventDate "2016.??.??"]

1. e4 e5 2. Nf3 Nf6 3. Bc4 Nxe4 4. O-O Bc5 5. Re1 O-O 6. Rxe4 Re8 7. d3 d6 8.
Ng5 Qe7 9. Bxf7+ Kf8 10. Bxe8 Kxe8 11. Nxh7 Qf6 12. Nxf6+ Kf7 13. Bg5 Bf5 14.
Qh5+ Ke6 15. Rh4 Bd4 16. Qe2 Bxb2 17. Nc3 Bxa1 18. Qf3 Bxc3 19. Qxb7 Bd4 20.
Qxa8 Na6 21. Qc8+ Kf7 22. Qxa6 Bxf2+ 23. Kxf2 Bg6 24. Qc4+ Ke7 25. Qxc7+ Ke6
26. Qd7# 1-0